Bolshevikes (Запись № 11588430)
[ простой вид ]
| 000 -МАРКЕР | |
|---|---|
| контрольное поле | 01498nam0a22003851 4500 |
| 001 - ИДЕНТИФИКАТОР ЗАПИСИ | |
| контрольное поле | RU\NLR\Evr\398 |
| 005 - ИДЕНТИФИКАТОР ВЕРСИИ | |
| контрольное поле | 20251202160538.0 |
| 035 ## - ДРУГИЕ СИСТЕМНЫЕ НОМЕРА | |
| Идентификатор записи | (NLR Aleph) 011416810 |
| 100 ## - ДАННЫЕ ОБЩЕЙ ОБРАБОТКИ | |
| Данные общей обработки | 20060806d1927 u y0rusy50 ca |
| 101 1# - ЯЗЫК РЕСУРСА | |
| Язык текста, звукозаписи и т.д. | идиш |
| 102 ## - СТРАНА ПУБЛИКАЦИИ ИЛИ ПРОИЗВОДСТВА | |
| Страна публикации | Российская Федерация |
| 105 ## - ПОЛЕ КОДИРОВАННЫХ ДАННЫХ: ТЕКСТОВЫЕ МАТЕРИАЛЫ, МОНОГРАФИЧЕСКИЕ | |
| Кодированные данные о монографическом текстовом документе | y ||||||||| |
| 200 1# - ЗАГЛАВИЕ И СВЕДЕНИЯ ОБ ОТВЕТСТВЕННОСТИ | |
| Связь между полями | a01 |
| Графика поля | Латинская |
| Основное заглавие | Bolshevikes |
| Первые сведения об ответственности | D. Stonov |
| Последующие сведения об ответственности | Yidish - Y. Levin |
| 210 ## - ПУБЛИКАЦИЯ, РАСПРОСТРАНЕНИЕ И ДР. | |
| Связь между полями | a01 |
| Место издания, распространения и т.д. | Moskve |
| Имя издателя, распространителя и т. д. | Tsentraler felker-farlag fun FSSR |
| Дата издания, распространения и т.д. | 1927 |
| Графика поля | Латинская |
| 210 ## - ПУБЛИКАЦИЯ, РАСПРОСТРАНЕНИЕ И ДР. | |
| Связь между полями | a01 |
| -- | z02 |
| Место издания, распространения и т.д. | מאָסקווע |
| Имя издателя, распространителя и т. д. | צענטראלער פעלקער-פארלאג פון פססר |
| Дата издания, распространения и т.д. | 1927 |
| 210 ## - ПУБЛИКАЦИЯ, РАСПРОСТРАНЕНИЕ И ДР. | |
| -- | z02 |
| Место издания, распространения и т.д. | Москва |
| Имя издателя, распространителя и т. д. | Центральное издательство народов СССР |
| Дата издания, распространения и т.д. | 1927 |
| Графика поля | Кириллица |
| 215 ## - ФИЗИЧЕСКАЯ ХАРАКТЕРИСТИКА | |
| Специфическое обозначение материала и объем | 47 с. |
| Размеры | 18 см. |
| 510 1# - ПАРАЛЛЕЛЬНОЕ ЗАГЛАВИЕ | |
| Связь между полями | a01 |
| Параллельное заглавие | באָלשעוויקעס |
| -- | ד. סטאָנאָוו |
| -- | ידיש - י. לעווין |
| 541 1# - ПЕРЕВОД ЗАГЛАВИЯ, СДЕЛАННЫЙ КАТАЛОГИЗАТОРОМ | |
| Заглавие | Большевики |
| Язык заглавия | русский |
| 700 #1 - ИМЯ ЛИЦА - ПЕРВИЧНАЯ ОТВЕТСТВЕННОСТЬ | |
| Связь между полями | a01 |
| Начальный элемент ввода | Стонов |
| Часть имени, кроме начального элемента ввода | Д.М. |
| Даты | 1898-1962 |
| Расширение инициалов личного имени | Дмитрий Миронович |
| Идентификатор авторитетной/нормативной записи | RU\NLR\AUTH\7952346 |
| Код отношения | Автор |
| Графика поля | Кириллица |
| 702 #1 - ИМЯ ЛИЦА - ВТОРИЧНАЯ ОТВЕТСТВЕННОСТЬ | |
| Связь между полями | a01 |
| Начальный элемент ввода | Левин |
| Часть имени, кроме начального элемента ввода | Я. |
| Даты | 1888-1937 |
| Расширение инициалов личного имени | Янкель |
| Идентификатор авторитетной/нормативной записи | RU\NLR\AUTH\7952344 |
| Код отношения | Переводчик |
| Графика поля | Кириллица |
| 702 #1 - ИМЯ ЛИЦА - ВТОРИЧНАЯ ОТВЕТСТВЕННОСТЬ | |
| Связь между полями | a01 |
| Начальный элемент ввода | Levin |
| Часть имени, кроме начального элемента ввода | I. |
| Код отношения | Переводчик |
| Графика поля | Латинская |
| 702 #1 - ИМЯ ЛИЦА - ВТОРИЧНАЯ ОТВЕТСТВЕННОСТЬ | |
| Связь между полями | a01 |
| Начальный элемент ввода | ללעווין |
| Часть имени, кроме начального элемента ввода | .אי |
| Код отношения | Переводчик |
| 790 #1 - ИМЯ ЛИЦА - АЛЬТЕРНАТИВНАЯ ФОРМА | |
| Связь между полями | a01 |
| Начальный элемент ввода | Stonov |
| Часть имени, кроме начального элемента ввода | D. |
| Код отношения | Автор |
| Графика поля | Латинская |
| 790 #1 - ИМЯ ЛИЦА - АЛЬТЕРНАТИВНАЯ ФОРМА | |
| Связь между полями | a01 |
| Начальный элемент ввода | סטאָנאָוו |
| Часть имени, кроме начального элемента ввода | ד. |
| Код отношения | Автор |
| 801 #0 - ИСТОЧНИК ЗАПИСИ | |
| Страна | Российская Федерация |
| Организация | NLR |
| Дата составления | 20060806 |
| Правила каталогизации | psbo |
| 801 #0 - ИСТОЧНИК ЗАПИСИ | |
| Страна | Российская Федерация |
| Организация | NLR |
| Правила каталогизации | PSBO |
| 801 #1 - ИСТОЧНИК ЗАПИСИ | |
| Страна | Российская Федерация |
| Организация | NLR |
| Дата составления | 20060806 |
| Источник данных | rusmarc |
| 801 #2 - ИСТОЧНИК ЗАПИСИ | |
| Страна | Российская Федерация |
| Организация | NLR |
| Дата составления | 20061126 |
| Источник данных | rusmarc |
| 852 ## - МЕСТОНАХОЖДЕНИЕ И ШИФР ХРАНЕНИЯ | |
| Идентификатор организации | NLR |
| Наименование фонда или коллекции (Sub-Location Identifier) | ОЛСАА/идиш |
| Шифр хранения (Call Number) | К-850 |
| 942 ## - ДОПОЛНИТЕЛЬНЫЕ ЭЛЕМЕНТЫ ЗАПИСИ (АБИС) | |
| Тип экземпляра АБИС | Книга |
| 980 ## - КОЛЛЕКЦИЯ | |
| Название коллекции | Национальная библиография |
| 980 1# - КОЛЛЕКЦИЯ | |
| Название коллекции | |
Нет доступных экземпляров.